000 00919aab a2200193 i 4500
001 768714001
003 CO-MdFUSB
005 20221116162427.0
008 221116s2002 sp ||||| |||| 00| 0 spa d
040 _bpor
_cCO-MdFUSB
_dCO-MdFUSB
041 _aspa
100 1 _aOkland, Jorunn
_eautor
245 1 4 _aLos evangelios excluidos y sus lectores, o cómo decir cuándo un beso es simplemente un beso
_c/ Jorunn Okland
300 _aNúmero 294 (2002), Páginas 77-86
_c; 21 cm
520 _aEl presente articulo no es una autodefensa de mi persona apologética: pero, dado que veo las ocasiones mencionadas como ejemplos particularmente claros de lecturas enfrentadas de los evangelios no canónicos, las voy a usar como punto de partida par las reflexiones presentadas en este artículo.
630 0 7 _aBiblia.
773 0 _tConcilium
_049450
_960418
_gNúmero 294 (2002), Páginas 77-86
_qPáginas 77-86
942 _cANA
999 _c49976
_d49976